000
003300000a22001450004500
003
MACL
040
_a
MACL
090
_c
4233
_d
4232
100
_a
Kalupahana, David J.
245
_a
A History of Buddhist Philosophy
260
_b
Motilal Banarsidass Publishers
_c
1994
350
_a
175
650
_a
Philisophy
942
_c
BOOK
_k
100
999
_c
4199
_d
4199